书目信息 |
| 题名: |
建筑物电气装置国家标准汇编
|
|
| 作者: | ;全国建筑物电气装置标准化技术委员会 , 中国标准出版社 编 | |
| 分册: | ||
| 出版信息: | 北京 中国标准出版社 2019.10 |
|
| 页数: | 733页 | |
| 开本: | 30cm | |
| 丛书名: | ||
| 单 册: | ||
| 中图分类: | TU85 | |
| 科图分类: | ||
| 主题词: | 房屋建筑设备--电气设备--国家标准--中国--汇编 | |
| 电子资源: | ||
| ISBN: | 978-7-5066-9437-7 | |
| 000 | 01000nam0 2200253 45 | |
| 001 | 012001000622 | |
| 005 | 20211012144433.54 | |
| 010 | @a978-7-5066-9437-7@dCNY236.00 | |
| 100 | @a20210720d2019 em y0chiy50 ea | |
| 101 | 0 | @achi |
| 102 | @aCN@b110000 | |
| 105 | @aa l 001yy | |
| 106 | @ar | |
| 200 | 1 | @a建筑物电气装置国家标准汇编@Ajian zhu wu dian qi zhuang zhi guo jia biao zhun hui bian@f全国建筑物电气装置标准化技术委员会,中国标准出版社编 |
| 205 | @a4版 | |
| 210 | @a北京@c中国标准出版社@d2019.10 | |
| 215 | @a733页@c图@d30cm | |
| 330 | @a本书收集了截至2019年8月底以前发布的GB/T 17045、GB/T 13870系列、GB/T 16895系列等国家标准36项。 | |
| 606 | 0 | @a房屋建筑设备@x电气设备@x国家标准@y中国@j汇编 |
| 690 | @aTU85@v5 | |
| 711 | 02 | @a全国建筑物电气装置标准化技术委员会@Aquan guo jian zhu wu dian qi zhuang zhi biao zhun hua ji shu wei yuan hui@4编 |
| 711 | 02 | @a中国标准出版社@Azhong guo biao zhun chu ban she@4编 |
| 801 | 0 | @aCN@bBJSDL@c20211011 |
| 905 | @b1331856-8@dTU85@e1855=4@f3 | |
| 建筑物电气装置国家标准汇编/全国建筑物电气装置标准化技术委员会,中国标准出版社编.-4版.-北京:中国标准出版社,2019.10 |
| 733页:图;30cm |
| ISBN 978-7-5066-9437-7:CNY236.00 |
| 本书收集了截至2019年8月底以前发布的GB/T 17045、GB/T 13870系列、GB/T 16895系列等国家标准36项。 |
| ● |
| 相关链接 |
|
|
|
|
正题名:建筑物电气装置国家标准汇编
索取号:TU85/1855=4
 
预约/预借
| 序号 | 登录号 | 条形码 | 馆藏地/架位号 | 状态 | 备注 |
| 1 | 1331856 | 213318569 | 第二样本阅览室/ [索取号:TU85/1855=4] | 在馆 | |
| 2 | 1331857 | 213318578 | 第三借阅区/ [索取号:TU85/1855=4] | 在馆 | |
| 3 | 1331858 | 213318587 | 第三借阅区/ [索取号:TU85/1855=4] | 在馆 |